01293nam a22001577a 4500999001900000008004100019100002600060245008100086260004500167300003200212520069200244773004300936906004200979942000701021952010701028 c518528d518528210928b ||||| |||| 00| 0 eng d aKannan, K. P. 929595 aSocial security in the lockdown: A time to revisit the NCEUS recommendations aThe Indian Journal of Labour Economics  a63(1), Oct, 2020: p.139-144 aIn normal times the meaning of social security is somewhat restricted. It is about the absence or presence of some fallback mechanisms when in distress of one kind or another, as, for example, unemployment, sickness, accident/death, old age, etc. In countries with endemic poverty such as India, social security also refers to such protective schemes as Public Distribution System (PDS) for essential food, mid-day meals for children in schools, supplementary nutrition for children in pre-school age group, public employment and so on. The first set of measures are for meeting situations of adversity, while the second are measures for meeting situations of deficiency. – Reproduced  aThe Indian Journal of Labour Economics aCOVID-19 (DISEASE) - ECONOMIC ASPECTS cAR 00102ddc40709392597aIIPAbIIPAd2021-09-28h63(1), Oct, 2020: p.139-144pAR125658r2021-09-28yAR